[Event "XXII OPEN INTERNACIONAL CIUTAT DE MONTCADA - Grup "]
[Site "Montcada i Reixac (Barcelona)"]
[Date "2014.07.01"]
[Round "7"]
[Board "1"]
[White "Ni, Hua"]
[Black "Ghosh, Diptayan"]
[Result "1-0"]
[WhiteElo "2653"]
[BlackElo "2487"]
[PlyCount "89"]
[EventDate "2014.06.25"]
[EventRounds "9"]
[EventCountry "ESP"]

1. e4 e6 2. d4 d5 3. Nd2 c5 4. Ngf3 cxd4 5. Nxd4 Nc6 6. Bb5 Bd7 7. Nxc6 bxc6 8.
Bd3 Bd6 9. O-O Ne7 10. Nf3 Ng6 11. Re1 O-O 12. e5 Bc7 13. Ng5 Qe8 14. Bd2 h6
15. Nf3 Qe7 16. c4 Nh4 17. Rc1 Bb6 18. Nxh4 Qxh4 19. c5 Bc7 20. g3 Qe7 21. b4
f6 22. f4 fxe5 23. fxe5 Qf7 24. Rf1 Qe7 25. Qg4 Rxf1+ 26. Rxf1 Rf8 27. Re1 Qf7
28. Bf4 h5 29. Qe2 g5 30. Bxg5 Bxe5 31. Qe3 Bg7 32. Rf1 Qe8 33. Bh6 Rxf1+ 34.
Bxf1 Qg6 35. Bxg7 Qxg7 36. a4 Qb2 37. b5 cxb5 38. axb5 Bxb5 39. Qxe6+ Kg7 40.
Bxb5 Qxb5 41. c6 d4 42. Qe7+ Kg6 43. Qe4+ Kf7 44. c7 Qc5 45. Qh7+ 1-0

[Event "XXII OPEN INTERNACIONAL CIUTAT DE MONTCADA - Grup "]
[Site "Montcada i Reixac (Barcelona)"]
[Date "2014.07.01"]
[Round "7"]
[Board "2"]
[White "Gomez Garrido, Camilo Ernesto"]
[Black "Zherebukh, Yaroslav"]
[Result "1/2-1/2"]
[WhiteElo "2495"]
[BlackElo "2618"]
[PlyCount "69"]
[EventDate "2014.06.25"]
[EventRounds "9"]
[EventCountry "ESP"]

1. e4 e5 2. Nf3 Nc6 3. Bb5 a6 4. Ba4 Nf6 5. O-O Be7 6. Re1 b5 7. Bb3 d6 8. c3
O-O 9. h3 Nb8 10. d4 Nbd7 11. Nbd2 Bb7 12. Bc2 Re8 13. Nf1 Bf8 14. Ng3 g6 15.
a4 c5 16. d5 c4 17. Bg5 h6 18. Be3 Nc5 19. Qd2 h5 20. Bh6 Nh7 21. Bxf8 Rxf8 22.
axb5 axb5 23. Rxa8 Bxa8 24. Qh6 Qf6 25. Ra1 Bb7 26. Ra5 Ba6 27. Qe3 Qd8 28. Ra1
Qe7 29. Nd2 Rb8 30. b4 cxb3 31. Nxb3 Bc8 32. Nf1 Nxb3 33. Bxb3 Nf6 34. Nd2 Kg7
35. Ra7 1/2-1/2

[Event "XXII OPEN INTERNACIONAL CIUTAT DE MONTCADA - Grup "]
[Site "Montcada i Reixac (Barcelona)"]
[Date "2014.07.01"]
[Round "7"]
[Board "3"]
[White "Grigoryan, Karen H."]
[Black "Cori, Jorge"]
[Result "1/2-1/2"]
[WhiteElo "2577"]
[BlackElo "2608"]
[PlyCount "153"]
[EventDate "2014.06.25"]
[EventRounds "9"]
[EventCountry "ESP"]

1. d4 Nf6 2. c4 c6 3. Nf3 d5 4. Qc2 dxc4 5. Qxc4 g6 6. Bf4 Bg7 7. e3 O-O 8. Be2
Be6 9. Qc2 Bf5 10. Qc1 Nbd7 11. Nc3 c5 12. O-O Rc8 13. Rd1 Ne4 14. d5 Nxc3 15.
bxc3 c4 16. Qa3 Qb6 17. Nd4 Qc5 18. Qb2 Nb6 19. d6 Be4 20. dxe7 Qxe7 21. a4
Rfd8 22. a5 Nd5 23. Bg3 h5 24. f3 Nxe3 25. fxe4 Nxd1 26. Rxd1 Bxd4+ 27. cxd4
Qxe4 28. Bf3 Qe3+ 29. Bf2 Qb3 30. Rb1 Qxb2 31. Rxb2 c3 32. Rc2 b5 33. axb6 axb6
34. Be2 Rd5 35. Ba6 Ra8 36. Bf1 Rc8 37. Ba6 Ra8 38. Bf1 Rc8 39. Ba6 Rc7 40. Bg3
Ra7 41. Bc4 Rf5 42. h4 b5 43. Bd3 Ra1+ 44. Kh2 b4 45. Bd6 Rd5 46. Bxb4 Rxd4 47.
Bxc3 Rxh4+ 48. Kg3 Rg4+ 49. Kf2 Ra8 50. Be5 Re8 51. Bh2 Kg7 52. Be2 Rg5 53. Bf3
Rf5 54. Kg3 Re1 55. Kf2 Re8 56. Bg1 h4 57. Rc4 g5 58. Kf1 h3 59. Kf2 hxg2 60.
Kxg2 f6 61. Rc7+ Kg6 62. Bf2 Rb5 63. Kg3 Ree5 64. Rc3 Rb4 65. Be3 Ra4 66. Rb3
Re6 67. Rd3 f5 68. Bd2 Rea6 69. Rd8 g4 70. Bd5 Kf6 71. Rf8+ Ke5 72. Bb3 Ra3 73.
Rb8 Ke4 74. Kf2 Rd6 75. Bg5 g3+ 76. Kg2 f4 77. Rb4+ 1/2-1/2

[Event "XXII OPEN INTERNACIONAL CIUTAT DE MONTCADA - Grup "]
[Site "Montcada i Reixac (Barcelona)"]
[Date "2014.07.01"]
[Round "7"]
[Board "4"]
[White "Oliva Castaneda, Kevel"]
[Black "Narciso Dublan, Marc"]
[Result "0-1"]
[WhiteElo "2427"]
[BlackElo "2538"]
[PlyCount "86"]
[EventDate "2014.06.25"]
[EventRounds "9"]
[EventCountry "ESP"]

1. Nf3 f5 2. d3 Nc6 3. e4 e5 4. Nc3 Bb4 5. Bd2 d6 6. a3 Bxc3 7. Bxc3 fxe4 8.
dxe4 Nf6 9. Nd2 O-O 10. Bc4+ Kh8 11. O-O Bd7 12. b4 Qe8 13. f3 g5 14. g3 Qg6
15. Qe1 h5 16. Qe3 Kh7 17. Bb3 Qh6 18. Bb2 b6 19. c4 Rad8 20. Rad1 h4 21. Rf2
g4 22. Qxh6+ Kxh6 23. f4 Nh5 24. Nf1 exf4 25. gxf4 g3 26. hxg3 hxg3 27. Rc2 Bg4
28. Rdd2 Rxf4 29. Rd3 Rf3 30. Ne3 Kh7 31. Rcd2 Nf4 32. Rc3 Nh3+ 33. Kg2 Nf4+
34. Kg1 Bh3 35. Bd1 Ne5 36. c5 bxc5 37. bxc5 Rb8 38. cxd6 cxd6 39. Rc7+ Kg8 40.
Rc3 Rf2 41. Rb3 Rxd2 42. Rxb8+ Kh7 43. Rb3 Rxd1+ 0-1

[Event "XXII OPEN INTERNACIONAL CIUTAT DE MONTCADA - Grup "]
[Site "Montcada i Reixac (Barcelona)"]
[Date "2014.07.01"]
[Round "7"]
[Board "5"]
[White "Moreno Ruiz, Javier"]
[Black "Das, Sayantan"]
[Result "0-1"]
[WhiteElo "2486"]
[BlackElo "2352"]
[PlyCount "60"]
[EventDate "2014.06.25"]
[EventRounds "9"]
[EventCountry "ESP"]

1. d4 d5 2. c4 e6 3. Nc3 Bb4 4. e3 Nf6 5. a3 Bxc3+ 6. bxc3 O-O 7. cxd5 exd5 8.
Bd3 c5 9. Ne2 b6 10. O-O Ba6 11. f3 Re8 12. Ng3 Bxd3 13. Qxd3 Nc6 14. Bb2 Qd7
15. e4 dxe4 16. fxe4 Ne5 17. Qe2 Ng6 18. Rxf6 gxf6 19. Nh5 Re6 20. d5 Rd6 21.
Rf1 Qe7 22. c4 Ne5 23. Qf2 Kh8 24. Qh4 Rg8 25. Nxf6 Rg7 26. Rf5 Ng4 27. h3 Nxf6
28. e5 Rxd5 29. exf6 Qe3+ 30. Kh2 Rxg2+ 0-1

[Event "XXII OPEN INTERNACIONAL CIUTAT DE MONTCADA - Grup "]
[Site "Montcada i Reixac (Barcelona)"]
[Date "2014.07.01"]
[Round "7"]
[Board "6"]
[White "Ruiz C, Joshua D"]
[Black "Burmakin, Vladimir"]
[Result "0-1"]
[WhiteElo "2387"]
[BlackElo "2592"]
[PlyCount "94"]
[EventDate "2014.06.25"]
[EventRounds "9"]
[EventCountry "ESP"]

1. e4 e6 2. d4 d5 3. Nc3 dxe4 4. Nxe4 Bd7 5. Nf3 Bc6 6. Bd3 Nd7 7. O-O Ngf6 8.
Qe2 Nxe4 9. Bxe4 Bxe4 10. Qxe4 c6 11. b3 Be7 12. c4 O-O 13. Bb2 Qa5 14. Qc2
Rfd8 15. Rad1 Ba3 16. Ba1 Qh5 17. Rd3 Be7 18. Rfd1 Qf5 19. h3 Nf8 20. Kh2 Ng6
21. g3 h5 22. Qe2 h4 23. Kg2 Bf6 24. Nh2 c5 25. Qg4 hxg3 26. fxg3 Ne7 27. Qf3
Rd7 28. g4 Qg6 29. d5 Bxa1 30. Rxa1 Nf5 31. Qf1 Nd4 32. Nf3 exd5 33. Re1 Nxf3
34. Qxf3 d4 35. h4 Rc8 36. Kh3 b6 37. Re5 Qc6 38. Re8+ Kh7 39. Re4 Rd6 40. g5
Qd7+ 41. Kg3 Re8 42. h5 Rde6 43. Qf5+ g6 44. hxg6+ fxg6 45. Qh3+ Kg8 46. Rf3
Qd6+ 47. Ref4 d3 0-1

[Event "XXII OPEN INTERNACIONAL CIUTAT DE MONTCADA - Grup "]
[Site "Montcada i Reixac (Barcelona)"]
[Date "2014.07.01"]
[Round "7"]
[Board "7"]
[White "Vehi Bach, Victor Manuel"]
[Black "Naroditsky, Daniel"]
[Result "0-1"]
[WhiteElo "2313"]
[BlackElo "2559"]
[PlyCount "54"]
[EventDate "2014.06.25"]
[EventRounds "9"]
[EventCountry "ESP"]

1. e4 c5 2. Nf3 d6 3. d4 cxd4 4. Nxd4 Nf6 5. Nc3 a6 6. Be3 e5 7. Nb3 Be7 8. h3
O-O 9. g4 a5 10. a4 Be6 11. Bg2 Na6 12. O-O Rc8 13. Nd5 Nxd5 14. exd5 Bd7 15.
Qd2 f5 16. f3 b6 17. Nc1 Nc5 18. b3 f4 19. Bf2 e4 20. Bxc5 bxc5 21. fxe4 Bf6
22. c3 c4 23. bxc4 Rxc4 24. Ne2 Qb6+ 25. Kh1 Qe3 26. Qxe3 fxe3 27. Ra3 Rxa4 0-1

[Event "XXII OPEN INTERNACIONAL CIUTAT DE MONTCADA - Grup "]
[Site "Montcada i Reixac (Barcelona)"]
[Date "2014.07.01"]
[Round "7"]
[Board "8"]
[White "Cuartas, Jaime Alexander"]
[Black "Cruz, Filemon"]
[Result "0-1"]
[WhiteElo "2483"]
[BlackElo "2412"]
[PlyCount "85"]
[EventDate "2014.06.25"]
[EventRounds "9"]
[EventCountry "ESP"]

1. e4 e6 2. d4 d5 3. Nc3 Nf6 4. Bg5 dxe4 5. Nxe4 Be7 6. Bxf6 gxf6 7. Nf3 b6 8.
Bb5+ c6 9. Bd3 Bb7 10. Qe2 Nd7 11. Ba6 Bxa6 12. Qxa6 Qc7 13. Qe2 f5 14. Ned2
Bf6 15. c3 Rg8 16. g3 h5 17. O-O-O O-O-O 18. Nc4 h4 19. Nce5 Bxe5 20. dxe5 hxg3
21. hxg3 Nc5 22. Rxd8+ Rxd8 23. Rh7 Rd7 24. Kc2 Kb7 25. Nd4 a6 26. f3 a5 27. g4
f4 28. Rh5 Qd8 29. Kb1 a4 30. Qd2 Qg8 31. Qc2 Rd5 32. Qh7 Qe8 33. Qg7 Qd7 34.
Qh7 a3 35. bxa3 Na4 36. Qc2 Nxc3+ 37. Qxc3 Rxd4 38. Rh7 c5 39. Kc2 Qb5 40.
Rxf7+ Kc6 41. Qb3 Qe2+ 42. Kc1 Rc4+ 43. Kb1 0-1

[Event "XXII OPEN INTERNACIONAL CIUTAT DE MONTCADA - Grup "]
[Site "Montcada i Reixac (Barcelona)"]
[Date "2014.07.01"]
[Round "7"]
[Board "9"]
[White "Arun Prasad, S."]
[Black "Perpinya Rofes, Lluis Maria"]
[Result "1/2-1/2"]
[WhiteElo "2472"]
[BlackElo "2400"]
[PlyCount "97"]
[EventDate "2014.06.25"]
[EventRounds "9"]
[EventCountry "ESP"]

1. d4 Nf6 2. Nf3 g6 3. Bg5 Bg7 4. Nbd2 O-O 5. c3 d6 6. e4 c5 7. dxc5 dxc5 8.
Bc4 Nc6 9. Qe2 h6 10. Bh4 Nh5 11. Qe3 Na5 12. Be2 Qc7 13. e5 Nc6 14. O-O b6 15.
Rad1 Be6 16. h3 Bxe5 17. Nxe5 Qxe5 18. Qxe5 Nxe5 19. f4 Nc6 20. f5 Bxa2 21. Bf3
Rac8 22. Bxh5 gxh5 23. Ra1 Rfd8 24. Be1 Rxd2 25. Bxd2 Bc4 26. Rf4 Rd8 27. Be3
Bd3 28. Rd1 Rd6 29. b4 c4 30. Rh4 a5 31. bxa5 bxa5 32. Rxh5 Kg7 33. Bc5 Rd7 34.
Rh4 Rd5 35. Be3 Rxf5 36. Bxh6+ Kg6 37. Bc1 f6 38. Rh8 Rb5 39. Rc8 Ne5 40. Be3
a4 41. Ra8 Be4 42. Ra7 Nc6 43. Ra6 Rb2 44. Rd2 Rb1+ 45. Kh2 Ra1 46. Bc5 Rc1 47.
Rxa4 Rxc3 48. Ra1 e5 49. Rf2 1/2-1/2

[Event "XXII OPEN INTERNACIONAL CIUTAT DE MONTCADA - Grup "]
[Site "Montcada i Reixac (Barcelona)"]
[Date "2014.07.01"]
[Round "7"]
[Board "10"]
[White "Cori T., Deysi"]
[Black "Vishnu, Prasanna. V"]
[Result "1-0"]
[WhiteElo "2414"]
[BlackElo "2459"]
[PlyCount "35"]
[EventDate "2014.06.25"]
[EventRounds "9"]
[EventCountry "ESP"]

1. d4 d5 2. Nf3 c5 3. e3 Nc6 4. Be2 cxd4 5. exd4 Bg4 6. c3 e6 7. Qb3 Qc7 8. Bf4
Bd6 9. Bxd6 Qxd6 10. Ne5 Bxe2 11. Qxb7 Nd8 12. Qxa8 Qc7 13. Nc6 Qxc6 14. Qxc6+
Nxc6 15. Kxe2 Nge7 16. Nd2 Kd7 17. b4 Rb8 18. a4 1-0

[Event "XXII OPEN INTERNACIONAL CIUTAT DE MONTCADA - Grup "]
[Site "Montcada i Reixac (Barcelona)"]
[Date "2014.07.01"]
[Round "7"]
[Board "11"]
[White "Escobar Forero, Alder"]
[Black "Sanchez, Sebastian Felipe"]
[Result "1/2-1/2"]
[WhiteElo "2445"]
[BlackElo "2375"]
[PlyCount "30"]
[EventDate "2014.06.25"]
[EventRounds "9"]
[EventCountry "ESP"]

1. e4 c5 2. Nf3 e6 3. d4 cxd4 4. Nxd4 Nc6 5. c4 Nf6 6. Nc3 Bb4 7. Nxc6 bxc6 8.
Bd3 e5 9. Be3 O-O 10. O-O d6 11. h3 Be6 12. Na4 Nd7 13. a3 Bc5 14. Nxc5 Nxc5
15. f4 exf4 1/2-1/2

[Event "XXII OPEN INTERNACIONAL CIUTAT DE MONTCADA - Grup "]
[Site "Montcada i Reixac (Barcelona)"]
[Date "2014.07.01"]
[Round "7"]
[Board "12"]
[White "Cruz, Cristhian"]
[Black "Alarcon Casellas, Rolando"]
[Result "1-0"]
[WhiteElo "2563"]
[BlackElo "2378"]
[PlyCount "135"]
[EventDate "2014.06.25"]
[EventRounds "9"]
[EventCountry "ESP"]

1. c4 Nf6 2. Nc3 e6 3. d4 Bb4 4. e3 O-O 5. Nge2 d5 6. a3 Bd6 7. cxd5 exd5 8.
Ng3 Re8 9. Bd3 b6 10. O-O Bb7 11. b4 a6 12. Re1 Nbd7 13. Rb1 Bxg3 14. hxg3 Ne4
15. Ne2 Ndf6 16. f3 Nd6 17. g4 h6 18. Ng3 b5 19. Bd2 Nc4 20. Bxc4 bxc4 21. Qc2
Qd7 22. Kf2 Bc6 23. Rh1 Nh7 24. Rh5 Re6 25. Rbh1 Rg6 26. Nf5 Ba4 27. Qb1 Re8
28. Bc3 Nf6 29. R5h4 Re6 30. Qc1 Re8 31. Kg1 Nh7 32. Be1 Qd8 33. Rh5 Nf6 34.
R5h2 Qd7 35. Bg3 Nh7 36. Bf4 Ng5 37. e4 dxe4 38. Bxg5 exf3 39. gxf3 Bc6 40. Kf2
Bxf3 41. Kxf3 Qd5+ 42. Kf2 c3 43. Ne7+ Rxe7 44. Bxe7 Re6 45. Qxc3 Rxe7 46. Re1
Qd6 47. Rg2 Qf4+ 48. Kg1 Rxe1+ 49. Qxe1 Qxd4+ 50. Kh2 g6 51. Qg3 c5 52. bxc5
Qxc5 53. Re2 Kh7 54. Qf4 Qd5 55. Kg3 a5 56. Re3 Qb7 57. Rf3 Kg7 58. Qf6+ Kg8
59. Qd8+ Kh7 60. Qxa5 Qb8+ 61. Kh3 Qb7 62. Qc3 Qd5 63. Qf6 Kg8 64. a4 h5 65.
Qxf7+ Qxf7 66. Rxf7 hxg4+ 67. Kxg4 Kxf7 68. a5 1-0

[Event "XXII OPEN INTERNACIONAL CIUTAT DE MONTCADA - Grup "]
[Site "Montcada i Reixac (Barcelona)"]
[Date "2014.07.01"]
[Round "7"]
[Board "13"]
[White "Ramirez Garcia, Jorge Alberto"]
[Black "Vasquez Schroeder, Rodrigo"]
[Result "0-1"]
[WhiteElo "2287"]
[BlackElo "2551"]
[PlyCount "136"]
[EventDate "2014.06.25"]
[EventRounds "9"]
[EventCountry "ESP"]

1. e4 e5 2. Nf3 d6 3. d4 Nf6 4. dxe5 Nxe4 5. Qd5 Nc5 6. Bg5 Qd7 7. exd6 Bxd6 8.
Nc3 Qe6+ 9. Qxe6+ Nxe6 10. Ne4 Bb4+ 11. Bd2 Bxd2+ 12. Nexd2 Nc6 13. Bb5 Bd7 14.
O-O O-O-O 15. Nb3 Nb4 16. Bxd7+ Rxd7 17. Rac1 c5 18. Ne5 Re7 19. Rfe1 Rhe8 20.
Nc4 Kc7 21. Ne3 Rd7 22. a3 Nc6 23. Rcd1 Red8 24. Rxd7+ Rxd7 25. Kf1 b5 26. Rd1
c4 27. Rxd7+ Kxd7 28. Nd2 Nc5 29. b3 cxb3 30. cxb3 Nd4 31. b4 Nd3 32. Nb1 f5
33. g3 g5 34. Nc3 a6 35. Ne2 Nf3 36. Nc3 f4 37. gxf4 Nxf4 38. Ne4 Nxh2+ 39. Kg1
Nf3+ 40. Kf1 Kc6 41. Ng2 Ne6 42. Ke2 Ne5 43. Nc3 h5 44. Ne3 Nf4+ 45. Kf1 Nc4
46. Nc2 Nd2+ 47. Kg1 Nf3+ 48. Kh1 Ne6 49. Kg2 Nd2 50. Kg3 Kd6 51. a4 bxa4 52.
Nxa4 Ne4+ 53. Kf3 Ke5 54. Kg2 g4 55. Nb2 Nf4+ 56. Kf1 Nd2+ 57. Kg1 Ke4 58. Nd1
Kd3 59. Nce3 Ke2 60. Nc3+ Kf3 61. b5 axb5 62. Nxb5 Ne2+ 63. Kh1 Kxf2 64. Nd1+
Kf3 65. Nd6 g3 66. Ne3 Kxe3 67. Nf5+ Ke4 68. Nh4 Nf4 0-1

[Event "XXII OPEN INTERNACIONAL CIUTAT DE MONTCADA - Grup "]
[Site "Montcada i Reixac (Barcelona)"]
[Date "2014.07.01"]
[Round "7"]
[Board "14"]
[White "Munoz Pantoja, Miguel"]
[Black "Aryan, Chopra"]
[Result "1-0"]
[WhiteElo "2457"]
[BlackElo "2242"]
[PlyCount "65"]
[EventDate "2014.06.25"]
[EventRounds "9"]
[EventCountry "ESP"]

1. e4 c5 2. g3 Nc6 3. Bg2 g6 4. Ne2 Bg7 5. c3 e5 6. d3 Nge7 7. Be3 d6 8. O-O
O-O 9. f4 exf4 10. gxf4 Be6 11. Ng3 f5 12. Nd2 Qd7 13. Nf3 Bf6 14. Ng5 Bxg5 15.
fxg5 Rad8 16. Qd2 b6 17. d4 cxd4 18. cxd4 d5 19. e5 Na5 20. b3 Rc8 21. Ne2 Rc7
22. Nf4 Rfc8 23. Rf3 Nb7 24. Qe1 Rf8 25. Bc1 Nc6 26. Rd3 a5 27. Ba3 Rf7 28. Rc1
Rc8 29. Rdc3 b5 30. Bd6 b4 31. R3c2 Nxd6 32. exd6 Qxd6 33. Qxe6 1-0

[Event "XXII OPEN INTERNACIONAL CIUTAT DE MONTCADA - Grup "]
[Site "Montcada i Reixac (Barcelona)"]
[Date "2014.07.01"]
[Round "7"]
[Board "15"]
[White "Gallart Zafra, Jaume"]
[Black "Panelo, Marcelo"]
[Result "0-1"]
[WhiteElo "2261"]
[BlackElo "2448"]
[PlyCount "56"]
[EventDate "2014.06.25"]
[EventRounds "9"]
[EventCountry "ESP"]

1. e4 g6 2. d4 Bg7 3. Nc3 c6 4. f4 d5 5. e5 Qb6 6. Be2 Nh6 7. Nf3 Bg4 8. O-O f6
9. Na4 Qc7 10. c4 dxc4 11. Nc3 Be6 12. Nd2 O-O 13. Nxc4 Nd7 14. Be3 fxe5 15.
dxe5 b5 16. Nd2 Nf5 17. Bf2 Rad8 18. Qc2 Nb6 19. Rad1 b4 20. Nce4 Nd5 21. Ng5
Nxf4 22. Nxe6 Nxe2+ 23. Kh1 Qxe5 24. Qb3 Nfg3+ 25. Bxg3 Rxf1+ 26. Nxf1 Nxg3+
27. hxg3 Rxd1 28. Nxg7+ Qd5 0-1

[Event "XXII OPEN INTERNACIONAL CIUTAT DE MONTCADA - Grup "]
[Site "Montcada i Reixac (Barcelona)"]
[Date "2014.07.01"]
[Round "7"]
[Board "16"]
[White "Herraiz Hidalgo, Herminio"]
[Black "Teh, Eu Wen Aron"]
[Result "0-1"]
[WhiteElo "2446"]
[BlackElo "2228"]
[PlyCount "78"]
[EventDate "2014.06.25"]
[EventRounds "9"]
[EventCountry "ESP"]

1. d4 Nf6 2. c4 e6 3. Nc3 Bb4 4. Bg5 h6 5. Bh4 O-O 6. e3 b6 7. Bd3 Bb7 8. Nf3
d6 9. O-O Bxc3 10. bxc3 Nbd7 11. Nd2 e5 12. f3 Re8 13. e4 Qe7 14. Re1 Nf8 15.
Bf2 Ne6 16. Bf1 Kh7 17. a4 a5 18. Qb3 Nd7 19. g3 g6 20. Bg2 Rf8 21. Rad1 Rae8
22. c5 dxc5 23. d5 Ng7 24. d6 Qxd6 25. Nc4 Qc6 26. Bf1 Rd8 27. Rd2 Ne6 28. Red1
Ba6 29. Nxa5 bxa5 30. Bxa6 Qxa6 31. Rxd7 Qe2 32. Rxd8 Rxd8 33. Rxd8 Nxd8 34.
Kg2 Ne6 35. h4 Qd3 36. Be1 g5 37. Qd5 Qe2+ 38. Bf2 gxh4 39. Qxe5 h3+ 0-1

[Event "XXII OPEN INTERNACIONAL CIUTAT DE MONTCADA - Grup "]
[Site "Montcada i Reixac (Barcelona)"]
[Date "2014.07.01"]
[Round "7"]
[Board "17"]
[White "Palit, Somak"]
[Black "Sagar, Shah"]
[Result "1/2-1/2"]
[WhiteElo "2411"]
[BlackElo "2309"]
[PlyCount "44"]
[EventDate "2014.06.25"]
[EventRounds "9"]
[EventCountry "ESP"]

1. d4 Nf6 2. Nc3 d5 3. Bg5 Nbd7 4. e3 c6 5. Qf3 Qa5 6. Bxf6 Nxf6 7. Bd3 g6 8.
Nge2 Bg7 9. h3 O-O 10. O-O e5 11. dxe5 Nd7 12. e6 fxe6 13. Qg3 e5 14. e4 d4 15.
Nd1 Nc5 16. a3 Nxd3 17. Qxd3 c5 18. a4 Be6 19. b3 Rf7 20. Nb2 Raf8 21. Nc4 Qd8
22. Qg3 Qc7 1/2-1/2

[Event "XXII OPEN INTERNACIONAL CIUTAT DE MONTCADA - Grup "]
[Site "Montcada i Reixac (Barcelona)"]
[Date "2014.07.01"]
[Round "7"]
[Board "18"]
[White "Fernandez Cazorla, Antonio"]
[Black "Martinez Romero, Martin"]
[Result "1/2-1/2"]
[WhiteElo "2218"]
[BlackElo "2401"]
[PlyCount "62"]
[EventDate "2014.06.25"]
[EventRounds "9"]
[EventCountry "ESP"]

1. Nf3 Nf6 2. c4 g6 3. g3 Bg7 4. Bg2 O-O 5. O-O d6 6. d4 c6 7. Nc3 Qb6 8. h3
Qa6 9. Qb3 Nbd7 10. e4 e5 11. dxe5 Nxe5 12. Nxe5 dxe5 13. c5 Be6 14. Qc2 Nd7
15. Be3 Rfc8 16. Rfd1 Bf8 17. b4 Qa3 18. Rab1 a5 19. Bc1 Qxb4 20. Rxb4 axb4 21.
Na4 Ra5 22. Rxd7 Bxd7 23. Nb6 Rc7 24. Qd2 Rxc5 25. Nxd7 Rxd7 26. Qxd7 Rxc1+ 27.
Bf1 b5 28. Qd2 Rc3 29. Kg2 Bc5 30. Bd3 Bd4 31. f4 b3 1/2-1/2

[Event "XXII OPEN INTERNACIONAL CIUTAT DE MONTCADA - Grup "]
[Site "Montcada i Reixac (Barcelona)"]
[Date "2014.07.01"]
[Round "7"]
[Board "19"]
[White "Oganisian, Roman"]
[Black "Peralta, Fernando"]
[Result "0-1"]
[WhiteElo "2245"]
[BlackElo "2596"]
[PlyCount "60"]
[EventDate "2014.06.25"]
[EventRounds "9"]
[EventCountry "ESP"]

1. e4 d6 2. d4 Nf6 3. Nc3 g6 4. f4 Bg7 5. Nf3 O-O 6. e5 dxe5 7. fxe5 Nd5 8.
Nxd5 Qxd5 9. c4 Qd8 10. Be2 c5 11. d5 b5 12. O-O bxc4 13. Bg5 h6 14. Bh4 g5 15.
Bxg5 hxg5 16. Nxg5 e6 17. dxe6 Qxg5 18. exf7+ Kh8 19. Bf3 Bg4 20. Bxg4 Nc6 21.
Rf3 Nxe5 22. Rh3+ Bh6 23. Qd5 Rad8 24. Rxh6+ Kg7 25. Qe6 Nxg4 26. Rh3 Rd3 27.
Rf3 Rxf3 28. gxf3 Nxh2+ 29. Kf2 Nxf3 30. Rh1 Nd4 0-1